Harry Potter và phòng chứa bí mật

Nội dụng sách nói về năm thứ 2 tại trường Hogwarts của Harry đây những chuyện phiền lòng, trong đó phải kể đến ông giáo sư Gilderoy Lockhart hợm hỉnh, con ma khóc nhè Myrle ám nhà vệ sinh nữ, và sự hâm mộ bất đắc dĩ của Ginny, cô em gái nhỏ n...

Szczegółowa specyfikacja

Zapisane w:
Opis bibliograficzny
1. autor: Rowling, K. J
Format: Książka
Język:Undetermined
Wydane: Thành phố Hồ Chí Minh Trẻ 2018
Hasła przedmiotowe:
Etykiety: Dodaj etykietę
Nie ma etykietki, Dołącz pierwszą etykiete!
Thư viện lưu trữ: Trung tâm Học liệu Trường Đại học Cần Thơ
LEADER 01524nam a2200229Ia 4500
001 CTU_226723
008 210402s9999 xx 000 0 und d
020 |c 150000 
082 |a 823 
082 |b R884/T.2 
100 |a Rowling, K. J 
245 0 |a Harry Potter và phòng chứa bí mật 
245 0 |c J. K. Rowling ; Lý Lan (dịch) 
260 |a Thành phố Hồ Chí Minh 
260 |b Trẻ 
260 |c 2018 
520 |a Nội dụng sách nói về năm thứ 2 tại trường Hogwarts của Harry đây những chuyện phiền lòng, trong đó phải kể đến ông giáo sư Gilderoy Lockhart hợm hỉnh, con ma khóc nhè Myrle ám nhà vệ sinh nữ, và sự hâm mộ bất đắc dĩ của Ginny, cô em gái nhỏ nhà Weasley. Những điều này trwor nên vật vãnh khi những chuyện khủng khiếp thực sự xảy ra, có kẻ nào đó - hay thứ gì đó - đã hóa đã các học sinh trong trường. Phải chăng kẻ đó chính là Draco Malfoy, kẻ thù độc địa truyền kiếp? Hay chính là lão Hagrid, với quá khứ kín như bưng nay phần nào hé lộ? Hay chính là người mà cả trường nghi ngờ...Harry Potter. 
650 |a Trường học,Schools 
650 |x Tiểu thuyết,Fiction 
904 |i Nhi 
910 |b dqhieu 
980 |a Trung tâm Học liệu Trường Đại học Cần Thơ